00569nam a22001937a 4500003000400000005001700004008003800021020001800059040002500077041000800102082002300110100003500133245003900168260003600207300002100243500006300264650002200327650002600349OSt20240530073925.0100322s2020 dr 000 0 spa d a9789945093926 aDO-SdBNPbspacBNPHU hspa 4aRD863.5bR173e2221 aRamia Guzmán, José d1984-10aEl cuadro /cJosé Ramia Guzmán aSanto Domingo :bBúho,c2020. a174 p. :c21 cm. aIncluye datos biográficos del autor en la contraportada. 0aNovela dominicana 4aLiteratura dominicana